000 00460nam a2200193Ia 4500
008 240510s9999 xx 000 0 und d
020 _a0000333345851
041 _aEng
082 _a005.133
082 _bB36
100 _aBIRNBAUM, Ian
245 0 _aAssembly language programming for the BBC microcomputer
260 _bLondon : Macmillan
260 _c1982
300 _a309 p.
650 _aAssembly languages :
942 _2ddc
942 _cLBK
999 _c25207
_d25207
945 _a1
_bMadushi Gamage
_c1
_dMadushi Gamage